| 000 | 00777cam a2200205 i 4500 | ||
|---|---|---|---|
| 001 | 17712867 | ||
| 005 | 20250901132432.0 | ||
| 008 | 130426s2014 cauab b 001 0 eng | ||
| 020 |
_a9781604265613 _qpbk. : acid-free paper |
||
| 020 | _z9781483301334 (web pdf) | ||
| 050 | 0 | 0 |
_aPN4756 _b.N49 2014 |
| 082 | 0 | 0 |
_a174/.907 _223 |
| 245 | 0 | 4 |
_aThe new ethics of journalism : _bprinciples for the 21st century / _cKelly McBride, The Poynter Institute ; Tom Rosenstiel, American Press Institute [editors]. |
| 300 |
_axii, 243 pages : _billustrations, map ; _c23 cm |
||
| 650 | 0 | _aJournalistic ethics. | |
| 650 | 0 |
_aJournalism _xHistory _y21st century. |
|
| 700 | 1 |
_aMcBride, Kelly, _eeditor of compilation. |
|
| 700 | 1 |
_aRosenstiel, Tom, _eeditor of compilation. |
|
| 942 |
_2lcc _cBK _n0 |
||
| 999 |
_c7413 _d7413 |
||